Statistieken voor Nederlandse voetbalclubs 2019/20

Klik hier om de quiz te nemen!

Algemene statistieken

  • Deze quiz is 366 keer genomen
  • De gemiddelde score is 25 van 38

Antwoordstatistieken

Club% Correct
EredivisieAFC Ajax
100%
EredivisieFeyenoord
93%
EredivisieADO Den Haag
86%
EredivisieFC Groningen
85%
EredivisieFC Utrecht
85%
EredivisieAZ Alkmaar
84%
Keuken Kampioen DivisieFC Eindhoven
82%
Keuken Kampioen DivisieN.E.C.
79%
EredivisieSparta Rotterdam
79%
EredivisieFC Twente
78%
EredivisieVitesse Arnhem
77%
EredivisieSC Heerenveen
76%
Keuken Kampioen DivisieNAC Breda
75%
EredivisieVVV-Venlo
71%
EredivisieHeracles Almelo
71%
EredivisieWillem II
71%
Keuken Kampioen DivisieSC Cambuur
70%
EredivisiePEC Zwolle
70%
EredivisieFC Emmen
67%
EredivisiePSV Eindhoven
66%
EredivisieRKC Waalwijk
62%
EredivisieFortuna Sittard
62%
Keuken Kampioen DivisieDe Graafschap
60%
Keuken Kampioen DivisieJong Ajax
58%
Keuken Kampioen DivisieExcelsior
57%
Keuken Kampioen DivisieJong PSV
54%
Keuken Kampioen DivisieAlmere City FC
53%
Keuken Kampioen DivisieRoda JC Kerkrade
53%
Keuken Kampioen DivisieFC Volendam
53%
Keuken Kampioen DivisieGo Ahead Eagles
52%
Keuken Kampioen DivisieJong AZ
48%
Keuken Kampioen DivisieMVV Maastricht
44%
Keuken Kampioen DivisieFC Den Bosch
44%
Keuken Kampioen DivisieJong FC Utrecht
42%
Keuken Kampioen DivisieFC Dordrecht
41%
Keuken Kampioen DivisieTOP Oss
39%
Keuken Kampioen DivisieHelmond Sport
36%
Keuken Kampioen DivisieTelstar
35%

Scoreverdeling

Percentiel versus Aantal Correcte Antwoorden

Procent van Mensen met Elke Score

Uw Scoregeschiedenis

U heeft deze quiz nog niet genomen